Možnosti využitia umelej inteligencie v oblasti exportu slovenských MSP bakalárska práca

Salvato in:
Dettagli Bibliografici
Autore principale: Patko, Anton
Ente Autore: Obchodná fakulta EU. Katedra medzinárodného obchodu
Altri autori: Petrovič, Marek, 1992-
Natura: Libro
Lingua:slovacco
Pubblicazione: Bratislava 2025
Tags: Aggiungi Tag
Nessun Tag, puoi essere il primo ad aggiungerne!!

MARC

LEADER 00000nbm a2200000 4500
001 0311049
005 20251106105457.3
041 0 |a slo 
044 |a SK 
245 1 0 |a Možnosti využitia umelej inteligencie v oblasti exportu slovenských MSP  |b bakalárska práca  |c Anton Patko ; školiteľ: Marek Petrovič 
264 1 |a Bratislava  |c 2025 
300 |a 48 s. 
100 1 |a Patko, Anton 
700 1 |a Petrovič, Marek, 1992- 
710 2 |a Obchodná fakulta EU. Katedra medzinárodného obchodu